000 00664nam a2200253Ia 4500
005 20260121153913.0
008 008 260114s9999 xx 000 0 eng d
020 _a9781315108162
037 _aEBOOK
040 _aCRL
040 _beng
040 _cCRL
041 _2eng
041 _aeng
084 _qCRL
100 _a Anne-Sylvie Barthel-Calvet; Christopher Brent Murray
_91000578
245 0 _aRevisiting the Historiography of Postwar Avant-Garde Music
260 _bTaylor and Francis
260 _c2023
856 _uhttp://www.taylorfrancis.com/books/9781315108162
942 _cEBOOK
999 _c1567399
_d1567399